000
00257nam a2200097Ia 4500
001
712241
005
20250826162823.0
008
250824s9999 xx 000 0 und d
245
0
_a
TARİHİMİZDE GARİP VAKALAR
_c
REŞAD EKREM KOÇU
260
_b
DOĞAN YAYINLARI
999
_c
712241
_d
712241